(REx: Reincarnated) Every Cave Spawning Ore - Statistics

General Stats
  • This quiz has been taken 11 times
    10 since last reset
  • The average score is 133 of 296
Answer Stats
Answer % Correct
Cerlustrium
100%
Freon
100%
Ice
100%
Inclemetite
100%
Snoblintium
100%
Ω
83%
Altovite
83%
Ambrosia
83%
Empress of Light
83%
Exdeus
83%
Fire Crystal
83%
Flaeon
83%
Genuinium
83%
Gold
83%
Goldstone
83%
Hyperheated Quasar
83%
Idolium
83%
Illusory Bubblegram
83%
Iron
83%
Laniakea Supercluster
83%
Lunar Quasar 618
83%
Machina
83%
nil
83%
NILNAL
83%
NOO P α
83%
Nyctophyte
83%
Observatorium
83%
Oganesson
83%
Orb of Discontent
83%
Pandorite
83%
Quandrium
83%
Reflectistone
83%
Scribbal
83%
Teslarium
83%
Voidstone
83%
π
67%
Accesinite
67%
Albinite
67%
Amare
67%
Armageddium
67%
Asminthia
67%
Aurora Polaris
67%
Celebration
67%
Cocytus
67%
Coldfirium
67%
Coronal Flare
67%
Coruscentia
67%
Cryonstelar
67%
Cryotic
67%
Crystallized Stone
67%
Crystal Oculite
67%
Divinessence
67%
Drusentyl
67%
Elbrus' Pride
67%
Elementium
67%
Elexinite
67%
Erodimium
67%
Exoretic
67%
Frostblossom
67%
Glacielle
67%
Gravitaticor
67%
Inkonium
67%
Lavortia
67%
Lunar Astatine
67%
Lunar Coronal Flare
67%
Lunar Flaeon
67%
Lunar Freon
67%
Lunar Poiseon
67%
Magma
67%
Magnetyx
67%
Nebula
67%
Neptunium
67%
Ophanim
67%
Poiseon
67%
Polaris
67%
Polarium
67%
Prismatistone
67%
Quasar 618
67%
Spristium
67%
Tanzanite
67%
Vaporwave Crystal
67%
Vitrilyx
67%
Void Reaver
67%
Accretite
50%
Actinium
50%
Aether
50%
Amber
50%
Amorisene
50%
Angelicus
50%
Ascended Flare
50%
Asterium
50%
Atomium
50%
Bathophobia
50%
Behemoth Snowflake
50%
Blazuine
50%
Borealiheim
50%
Boreas
50%
Celestone
50%
Chroma Contaris
50%
Continuum RIft
50%
Copper
50%
Coselnix
50%
Cosmic Treasure
50%
Cursed Flesh
50%
Cygnus
50%
Destabilite
50%
Entiniol
50%
Estrela
50%
Etherstone
50%
Euclideum
50%
Frightstone
50%
Galactic Rupture
50%
Gelisol
50%
Glacial Monolith
50%
Hallowed Prism
50%
HD 160529
50%
Heretic''s Cage
50%
Icarus
50%
Incinderium
50%
Intoxium
50%
Kindleflame
50%
Lovessence
50%
Lovestruck
50%
Lucidium
50%
Luminatite
50%
Lunar Ω
50%
Lunar Andromidium
50%
Lunar Aurora
50%
Lunar Coronium
50%
Lunar Dyronsinite
50%
Lunar Galaxite
50%
Lunar Gargantium
50%
Lunar HR 5171 A
50%
Lunar Lawrencium
50%
Lunar Neptunium
50%
Lunar Promethium
50%
Lunar Pulsar Crystal
50%
Lunar Uranium
50%
Lutetium
50%
Nitoril
50%
Nixalis
50%
Obscuralis
50%
Onyx
50%
Opal
50%
Ornalium
50%
Panselinos
50%
Pasivium
50%
Pastelorium
50%
Poltergeist
50%
Protoflare
50%
Quartz
50%
R136a1
50%
Rainbonite
50%
Reflectix
50%
Rigel
50%
Sagittarius Quasar
50%
Scertanium
50%
Sentient Viscera
50%
Sentimentium
50%
Snowglobe II
50%
Snowglobe III
50%
Speatrium
50%
Spiritian
50%
Surgium
50%
Tektite
50%
Temporum
50%
The Dream
50%
The Nightmare
50%
Thundarian
50%
Trinitium
50%
Tsukilunica
50%
Twilight Mist
50%
Twinkle Star
50%
Unearthly Cubes
50%
Unsteady Filaments
50%
Vaporwave Pulsar
50%
Vulkavium
50%
Winterlark
50%
Xuě
50%
Adurite
33%
Bismuth
33%
Black Diamond
33%
Blood Lunarian
33%
Bluesteel
33%
Chandelabra
33%
Chromatite
33%
Cobalt
33%
Condensium
33%
Emerald
33%
Festivatia
33%
Feux Follets
33%
Frostica
33%
Galaxistone
33%
Glaceiaflux
33%
Jet
33%
Jinglelyn
33%
Lepidustone
33%
Lumilux
33%
Luminaria
33%
Lunalistone
33%
Lunarian
33%
Lunar Newtonium
33%
Lyricarol
33%
Musgravite
33%
Nickel
33%
North Star
33%
Noxilenciosa
33%
Obsidian Glass
33%
Oculatum
33%
Ornaswirl
33%
Rosarium
33%
Seraphite
33%
Snowbloo
33%
Thalassus
33%
Theiograph
33%
Vigilance
33%
Viridian
33%
Viscriol
33%
Viverra
33%
Warmthion
33%
Amalton
17%
Areliva
17%
Argon
17%
Asternigh
17%
Auroralium
17%
Azurite
17%
Beanie
17%
Benitoite
17%
Blizzauroril
17%
Calite
17%
Candlelight
17%
Charliment
17%
Cryoclase
17%
Crystalia
17%
Culindrene
17%
Exospinel
17%
Festivian
17%
Fluorite
17%
Fragmentum
17%
Frosted Grass
17%
Galvanite
17%
G-Star Fragment
17%
Ignacaelum
17%
Iridium
17%
Kokkinip
17%
Latremite
17%
Lecilux
17%
Lefkolent
17%
Lotivium
17%
Lovesalt
17%
Luminescence
17%
Messier 92
17%
M-Star Fragment
17%
Necrocrysta
17%
Osmium
17%
O-Star Fragment
17%
Packed Snow
17%
Painite
17%
Phendium
17%
Plasmal
17%
Plerivium
17%
Prismatica
17%
Protonium
17%
Protoplanetary Disk
17%
Pyrite
17%
Radisol
17%
Radon
17%
Rubviridite
17%
Shroomite
17%
Valentinyl
17%
Versulium
17%
Violixium
17%
Vitalium
17%
Xenon
17%
Zenflow
17%
Zerocite
17%
Aquintite
0%
Arctic Crystal
0%
Aurutine
0%
Citrine
0%
Cryolux
0%
Dulumino
0%
Eboxylite
0%
Fracidial
0%
Gilded Snow
0%
Heidalium
0%
Jollycane
0%
Lighterisk
0%
Lucentellium
0%
Luminaweb
0%
Naviwrap
0%
Nemolite
0%
Scapolite
0%
Shimmersite
0%
Snowdrift
0%
No matching quizzes found
Score Distribution
Percent of People with Each Score
Percentile by Number Answered
Your Score History
You have not taken this quiz since the last reset